00465nam a2200157Ia 4500008004100000020001500041082001700056100001800073245005100091250000700142260004000149300002800189500001900217600002100236650005000257240925s9999 xx 000 0 und d a817656009x a005.7565 BAY aBayross, Ivan 0aSQL PL/SQL: the programming language of oracle aNA aNew Delhi:bBPB Publicationc,1998. axxvi,628p.bNAfPirated aIncludes Index aComputer Science aComputer science, information & general works